000 00742nam a2200217Ii 4500
003 JO-AjNU
008 230605s9999||||xx |||||||||||||| ||und||
017 _a1979/4388
020 _a1977-256-016-X
040 _aJO-AjNU
_bara
_erda
_cJO-AjNU
041 _aara
050 1 4 _aKRM1052.3.S5288.1980
100 3 _aالشرقاوي، محمود سمير,
_eauthor
_946852
245 0 0 _aالشركات التجارية في القانون المصري
264 3 1 _aالقاهرة : دار النهضة العربية ، 1980
300 _a258ص
336 _atext
_btxt
_2rdacontent
337 _aunmediated
_bn
_2rdamedia
338 _avolume
_bnc
_2rdacarrier
650 4 _aالشركات -- قوانين وتشريعات -- مصر
_946853
999 _aA20412
_c23980
_d23980